Vista normal
Vista MARC
Entrada Personal Name
Número de registros utilizados en: 1
001 - CONTROL NUMBER
- control field: 3021
003 - CONTROL NUMBER IDENTIFIER
- control field: OSt
005 - DATE AND TIME OF LATEST TRANSACTION
- control field: 20240412114546.0
008 - FIXED-LENGTH DATA ELEMENTS
- fixed length control field: 240412|| aca||aabn | a|a d
040 ## - CATALOGING SOURCE
- Original cataloging agency: OSt
- Transcribing agency: OSt
100 ## - HEADING--PERSONAL NAME
- Personal name: Kenny, W. Larry
670 ## - SOURCE DATA FOUND
- Source citation: Work cat.: (OSt)2229: Kenny, W. Larry, Fisiología del deporte y el ejercicio / , 2012.